Lineups: UEFA Champions League Final 2021 - Statistics

General Stats
  • This quiz has been taken 112 times
  • The average score is 20 of 24
Answer Stats
No. Player % Correct
31 Ederson
99%
17(C) Kevin De Bruyne
98%
16 Edouard Mendy
97%
29 Kai Havertz
97%
2 Kyle Walker
95%
47 Phil Foden
93%
3 Rúben Dias
93%
Coach Josep Guardiola
91%
Coach Thomas Tuchel
91%
5 John Stones
90%
7 N'Golo Kanté
89%
6 Thiago Silva
89%
20 Bernardo Silva
88%
19 Mason Mount
85%
8 İlkay Gündoğan
84%
28(C) César Azpilicueta
80%
11 Timo Werner
79%
2 Antonio Rüdiger
78%
24 Reece James
78%
26 Riyad Mahrez
78%
7 Raheem Sterling
75%
5 Jorginho
73%
21 Ben Chilwell
72%
11 Oleksandr Zinchenko
51%
No matching quizzes found
Score Distribution
Percent of People with Each Score
Percentile by Number Answered
Your Score History
You have not taken this quiz